Pictorial encyclopedia of the evolution of man. (Record no. 24747)

MARC details
000 -LEADER
fixed length control field 00312nam a2200121Ia 4500
082 ## - DEWEY DECIMAL CLASSIFICATION NUMBER
Classification number 572.1(03)
Item number JEL
100 ## - MAIN ENTRY--AUTHOR NAME
Personal name JELINEK, J
245 #0 - TITLE STATEMENT
Title Pictorial encyclopedia of the evolution of man.
260 ## - PUBLICATION, DISTRIBUTION, ETC. (IMPRINT)
Place of publication London
Name of publisher Hamlyn
Year of publication 1975
650 ## - SUBJECT ADDED ENTRY--TOPICAL TERM
Topical Term Evolution
942 ## - ADDED ENTRY ELEMENTS (KOHA)
Koha item type Books
Holdings
Withdrawn status Lost status Damaged status Not for loan Home library Current library Date acquired Full call number Accession Number Koha item type
        RRII Library RRII Library 16/12/2021 572.1(03) JEL 05419 Books